Ч.4 (Запись № 13474696)

Подробности
000 -МАРКЕР
контрольное поле 05366nam2a22005891 4500
001 - ИДЕНТИФИКАТОР ЗАПИСИ
контрольное поле RU\NLR\A1\20364
005 - ИДЕНТИФИКАТОР ВЕРСИИ
контрольное поле 20260601113706.0
035 ## - ДРУГИЕ СИСТЕМНЫЕ НОМЕРА
Идентификатор записи (NLR Aleph) 009675822
100 ## - ДАННЫЕ ОБЩЕЙ ОБРАБОТКИ
Данные общей обработки 19981006d1796 m y0rusy50 ca
101 0# - ЯЗЫК РЕСУРСА
Язык текста, звукозаписи и т.д. русский
102 ## - СТРАНА ПУБЛИКАЦИИ ИЛИ ПРОИЗВОДСТВА
Страна публикации Российская Федерация
135 ## - ПОЛЕ КОДИРОВАННЫХ ДАННЫХ: ЭЛЕКТРОННЫЕ РЕСУРСЫ
Кодированные данные для электронного ресурса crcn 024anaba
140 ## - ПОЛЕ КОДИРОВАННЫХ ДАННЫХ: СТАРОПЕЧАТНЫЕ ИЗДАНИЯ - ОБЩАЯ ИНФОРМАЦИЯ
Кодированные данные о старопечатном издании - Основные y y aayaa0000
200 0# - ЗАГЛАВИЕ И СВЕДЕНИЯ ОБ ОТВЕТСТВЕННОСТИ
Основное заглавие Ч.4
210 ## - ПУБЛИКАЦИЯ, РАСПРОСТРАНЕНИЕ И ДР.
Дата издания, распространения и т.д. 1796
215 ## - ФИЗИЧЕСКАЯ ХАРАКТЕРИСТИКА
Специфическое обозначение материала и объем 115, [1] с.
316 ## - ПРИМЕЧАНИЯ ОБ ОСОБЕННОСТЯХ ЭКЗЕМПЛЯРА
Текст примечания Экз. РНБ (18.171.4.69(ч.4)): ч.1-4 в одном пер. На с.114 техн. штамп. По всему кн. блоку потеки. Размер: 20,0х12,5х1,0 см
Организация и экземпляр, к которому относится поле NLR: 18.171.4.69(ч.4)
316 ## - ПРИМЕЧАНИЯ ОБ ОСОБЕННОСТЯХ ЭКЗЕМПЛЯРА
Текст примечания Экз. РНБ (138/2294(ч.4)): ч.1-2, 4 данного изд. и ч.3 изд СК XVIII 5030 в одном пер. На с.115 техн. помета.
Организация и экземпляр, к которому относится поле NLR: 138/2294(ч.4))
316 ## - ПРИМЕЧАНИЯ ОБ ОСОБЕННОСТЯХ ЭКЗЕМПЛЯРА
Текст примечания Экз. РНБ (РЗФ 18 в. 3/1427 (ч.4)): ч.1-4 в одном пер. На с.115 круглый штамп ГПБ. На с.[1] техн. помета. С.115-[1] подклеены.
Организация и экземпляр, к которому относится поле NLR: РЗФ 18 в. 3/1427 (ч.4))
316 ## - ПРИМЕЧАНИЯ ОБ ОСОБЕННОСТЯХ ЭКЗЕМПЛЯРА
Текст примечания Экз. РНБ (РЗФ 18 в. 3/1427 (ч.4)а): является частью владельч. конволюта. Припл. 2 ед. В картон. коричневом марморир. цельнокожаном пер. На нижней крышке пер. экслибрис РЗФ ГПБ с шифром. Корешок гладкий, с тиснением золотом. Позолота почти полностью утрачена. На корешке две кожаные наклейки: крас. и зеленая, на которых вытиснено: "Вергилиева Енеида" и "4.5.6" и бумаж. наклейка. На нахзаце техн. штамп. На тит. л. круглый штамп "Госуд. Публичн. библиотека Дублет".
Организация и экземпляр, к которому относится поле NLR: РЗФ 18 в. 3/1427 (ч.4)а)
316 ## - ПРИМЕЧАНИЯ ОБ ОСОБЕННОСТЯХ ЭКЗЕМПЛЯРА
Текст примечания Экз. РНБ (РЗФ 18 в. 3/1427 (ч.4) Б): является частью владельч. конволюта. Припл. 2 ед. В картон. коричневом марморир. цельнокожаном пер. На нижней крышке пер. экслибрис РЗФ ГПБ с шифром. Корешок гладкий, с тиснением золотом. Позолота почти полностью утрачена. На корешке крас. кожаная наклейка, на которой вытиснено: "Вергилиева Енейда 4.5.6". На нахзаце техн. штамп. На тит. л. круглый штамп "Госуд. Публичн. библиотека Дублет".
Организация и экземпляр, к которому относится поле NLR: РЗФ 18 в. 3/1427 (ч.4) Б)
316 ## - ПРИМЕЧАНИЯ ОБ ОСОБЕННОСТЯХ ЭКЗЕМПЛЯРА
Текст примечания Экз. РНБ (138/3075(ч.4)) в сост. картон. пер., обтянутом бордовой тисненой бумагой, с коленкоровыми бордовыми корешком и уголками. На нижней крышке пер. экслибрис рус. фонда РНБ с шифром. Корешок гладкий На обороте тит. л., с.33 и 115 круглый штамп ГПБ. На с.[1] техн. штамп.
Организация и экземпляр, к которому относится поле NLR: 138/3075(ч.4))
317 ## - ПРИМЕЧАНИЯ О ПРОИСХОЖДЕНИИ ЭКЗЕМПЛЯРА
Текст примечания В экз. РНБ (138/2294(ч.4)) на форзаце экслибрис А.А.Бобринского (Богомолов 1484). На обороте форзаца владельч. запись: "Из книг Г.Аристова".
Организация и экземпляр, к которому относится поле NLR: (138/2294(ч.4))
317 ## - ПРИМЕЧАНИЯ О ПРОИСХОЖДЕНИИ ЭКЗЕМПЛЯРА
Текст примечания В экз. РНБ (РЗФ 18 в. 3/1427 (ч.4)а) на форзаце владельч. запись: "№ 16 Петра Есипова 1816 г."
Организация и экземпляр, к которому относится поле NLR: РЗФ 18 в. 3/1427 (ч.4)а)
325 1# - ПРИМЕЧАНИЕ О КОПИИ
Текст примечания Копия доступна в электронной библиотеке РНБ
461 #1 - УРОВЕНЬ НАБОРА
Встроенное поле 001RU\NLR\A1\20360
-- 2000#$aВиргилиева Енейда, вывороченная на изнанку.$fН.О.$vЧ.4
-- 700#1$6z01790$aОсипов$bН.П.$f1751-1799$gНиколай Петрович$4070
482 #0 - ПРИПЛЕТЕНО К
Встроенное поле 001RU\NLR\A1\20361
-- 2000#$aЧ.1
702 #1 - ИМЯ ЛИЦА - ВТОРИЧНАЯ ОТВЕТСТВЕННОСТЬ
Начальный элемент ввода Есипов
Часть имени, кроме начального элемента ввода П.
Расширение инициалов личного имени Петр
Организация и экземпляр, к которому относится поле NLR: РЗФ 18 в. 3/1427 (ч.4)а)
Код отношения Бывший владелец
702 #1 - ИМЯ ЛИЦА - ВТОРИЧНАЯ ОТВЕТСТВЕННОСТЬ
Начальный элемент ввода Бобринский
Часть имени, кроме начального элемента ввода А. А.
Даты 1823-1903
Расширение инициалов личного имени Александр Алексеевич
Организация и экземпляр, к которому относится поле NLR: (138/2294(ч.4))
Код отношения Бывший владелец
702 #1 - ИМЯ ЛИЦА - ВТОРИЧНАЯ ОТВЕТСТВЕННОСТЬ
Начальный элемент ввода Аристов
Часть имени, кроме начального элемента ввода Г.
Организация и экземпляр, к которому относится поле NLR: (138/2294(ч.4))
Код отношения Бывший владелец
801 #0 - ИСТОЧНИК ЗАПИСИ
Страна Российская Федерация
Организация NLR
Дата составления 19981006
852 ## - МЕСТОНАХОЖДЕНИЕ И ШИФР ХРАНЕНИЯ
Идентификатор организации NLR
Наименование фонда или коллекции (Sub-Location Identifier) РЗФ
Шифр хранения (Call Number) 18 в. 3/1427
852 ## - МЕСТОНАХОЖДЕНИЕ И ШИФР ХРАНЕНИЯ
Идентификатор организации NLR
Шифр хранения (Call Number) 18.171.4.69(ч.4)
852 ## - МЕСТОНАХОЖДЕНИЕ И ШИФР ХРАНЕНИЯ
Идентификатор организации NLR
Шифр хранения (Call Number) 138/2294(ч.4)
852 ## - МЕСТОНАХОЖДЕНИЕ И ШИФР ХРАНЕНИЯ
Идентификатор организации NLR
Шифр хранения (Call Number) 138/3075(ч.4)
852 ## - МЕСТОНАХОЖДЕНИЕ И ШИФР ХРАНЕНИЯ
Идентификатор организации NLR
Наименование фонда или коллекции (Sub-Location Identifier) РЗФ
Шифр хранения (Call Number) 18 в. 3/1427 (ч.4)
852 ## - МЕСТОНАХОЖДЕНИЕ И ШИФР ХРАНЕНИЯ
Идентификатор организации NLR
Наименование фонда или коллекции (Sub-Location Identifier) РЗФ
Шифр хранения (Call Number) 18 в. 3/1427 (ч.4)а
852 ## - МЕСТОНАХОЖДЕНИЕ И ШИФР ХРАНЕНИЯ
Идентификатор организации NLR
Наименование фонда или коллекции (Sub-Location Identifier) РЗФ
Шифр хранения (Call Number) 18 в. 3/1427 (ч.4) Б
856 #0 - МЕСТОНАХОЖДЕНИЕ ЭЛЕКТРОННЫХ РЕСУРОВ И ДОСТУП К НИМ
Универсальный идентификатор ресурса (Uniform Resource Identifier) http://vivaldi.nlr.ru/bx000017890/view
856 #1 - МЕСТОНАХОЖДЕНИЕ ЭЛЕКТРОННЫХ РЕСУРОВ И ДОСТУП К НИМ
Универсальный идентификатор ресурса (Uniform Resource Identifier) http://vivaldi.nlr.ru/bx000017890/cover
856 #2 - МЕСТОНАХОЖДЕНИЕ ЭЛЕКТРОННЫХ РЕСУРОВ И ДОСТУП К НИМ
Универсальный идентификатор ресурса (Uniform Resource Identifier) http://vivaldi.nlr.ru/bx000017890/text
901 ## - ДАННЫЕ ОБ ОБЪЕКТЕ ОЦИФРОВКИ
-- Книжные издания
942 ## - ДОПОЛНИТЕЛЬНЫЕ ЭЛЕМЕНТЫ ЗАПИСИ (АБИС)
Тип экземпляра АБИС Книга
980 3# - КОЛЛЕКЦИЯ
Название коллекции КП2019 Русская книга гражданского шрифта 18 - начала 19в.
980 3# - КОЛЛЕКЦИЯ
Название коллекции Книжные памятники РНБ
980 ## - КОЛЛЕКЦИЯ
Название коллекции Русская книга гражданской печати XVIII в. в библиотеках РФ
980 ## - КОЛЛЕКЦИЯ
Название коллекции Национальная библиография
981 20 - КОЛЛЕКЦИЯ ЭЛЕКТРОННОЙ БИБЛИОТЕКИ
Название коллекции Книжные памятники РНБ
Название подколлекции Русский книжный фонд

Нет доступных экземпляров.